<?xml version="1.0" encoding="UTF-8"?>
<record
    xmlns:xsi="http://www.w3.org/2001/XMLSchema-instance"
    xsi:schemaLocation="http://www.loc.gov/MARC21/slim http://www.loc.gov/standards/marcxml/schema/MARC21slim.xsd"
    xmlns="http://www.loc.gov/MARC21/slim">

  <leader>00722nam a22002057a 4500</leader>
  <controlfield tag="005">20231102151546.0</controlfield>
  <controlfield tag="008">130429t2011    AG A   e |||| 00| 0 S   d</controlfield>
  <datafield tag="020" ind1=" " ind2=" ">
    <subfield code="a">978-950-126-0915</subfield>
  </datafield>
  <datafield tag="050" ind1=" " ind2=" ">
    <subfield code="a">LB1051  S667</subfield>
  </datafield>
  <datafield tag="100" ind1="1" ind2="0">
    <subfield code="a">SOPRANO, Ana Mar&#xED;a, autor</subfield>
  </datafield>
  <datafield tag="245" ind1="1" ind2="0">
    <subfield code="a">C&#xF3;mo evaluar el lenguaje en ni&#xF1;os y adolescentes       </subfield>
    <subfield code="b"> : la hora de juego ling&#xFC;&#xED;stica y otros recursos</subfield>
    <subfield code="c"> / Ana Mar&#xED;a Soprano</subfield>
  </datafield>
  <datafield tag="250" ind1=" " ind2=" ">
    <subfield code="a">1a edici&#xF3;n.</subfield>
  </datafield>
  <datafield tag="260" ind1=" " ind2=" ">
    <subfield code="a">Buenos Aires</subfield>
    <subfield code="b"> : Paid&#xF3;s</subfield>
    <subfield code="c"> , 2001</subfield>
  </datafield>
  <datafield tag="300" ind1=" " ind2=" ">
    <subfield code="a">268 p&#xE1;ginas.</subfield>
    <subfield code="b"> : il., tablas.</subfield>
    <subfield code="c"> ; 22 cm.</subfield>
  </datafield>
  <datafield tag="440" ind1=" " ind2="2">
    <subfield code="a">Evaluaci&#xF3;n Psicol&#xF3;gica; 90</subfield>
  </datafield>
  <datafield tag="500" ind1=" " ind2=" ">
    <subfield code="a">Educaci&#xF3;n Mixta.</subfield>
  </datafield>
  <datafield tag="500" ind1=" " ind2=" ">
    <subfield code="a">Incluye: &#xED;ndice y bibliograf&#xED;a general.</subfield>
  </datafield>
  <datafield tag="650" ind1="1" ind2="0">
    <subfield code="a">PSICOLOG&#xCD;A EDUCATIVA</subfield>
  </datafield>
  <datafield tag="942" ind1=" " ind2=" ">
    <subfield code="c">LB</subfield>
  </datafield>
  <datafield tag="952" ind1=" " ind2=" ">
    <subfield code="0">0</subfield>
    <subfield code="1">0</subfield>
    <subfield code="2">lcc</subfield>
    <subfield code="4">0</subfield>
    <subfield code="7">0</subfield>
    <subfield code="a">09</subfield>
    <subfield code="b">09</subfield>
    <subfield code="d">2013-04-04</subfield>
    <subfield code="l">0</subfield>
    <subfield code="o">LB1051  S667</subfield>
    <subfield code="p">09 001716</subfield>
    <subfield code="r">2013-04-29</subfield>
    <subfield code="t">1</subfield>
    <subfield code="w">2013-04-29</subfield>
    <subfield code="y">LB</subfield>
  </datafield>
  <datafield tag="999" ind1=" " ind2=" ">
    <subfield code="c">89623</subfield>
    <subfield code="d">89623</subfield>
  </datafield>
</record>
